[Event "Moscow op-A 04th"]
[Site "Moscow"]
[Date "2008.02.05"]
[Round "4"]
[White "Nguyen, Viet Tuong"]
[Black "Aleshin, Oleg"]
[Result "0-1"]
[WhiteElo "2301"]
[BlackElo "2398"]
[PlyCount "58"]
[EventDate "2008.02.02"]
[EventType "swiss"]
[EventRounds "9"]
[EventCountry "RUS"]
[SourceTitle "CBM 122 Extra"]
[Source "ChessBase"]
[SourceDate "2008.03.04"]
[SourceVersion "1"]
[SourceVersionDate "2008.03.04"]
[SourceQuality "1"]

1. e4 c6 2. d4 d5 3. Nc3 dxe4 4. Nxe4 Bf5 5. Ng3 Bg6 6. h4 h6 7. Nf3 Nd7 8. h5 Bh7 9. Bd3 Bxd3 10. Qxd3 e6 11. Bd2 Qc7 12. 0-0-0 Ngf6 13. Ne4 0-0-0 14. Kb1 Nxe4 15. Qxe4 Bd6 16. Qe2 c5 17. dxc5 Nxc5 18. Bc3 Rhg8 19. Rh4 a6 20. Rhd4 Rd7 21. R1d2 Rgd8 22. Qd1 e5 23. Rc4 b5 24. Rh4 f5 25. Qe1 e4 26. Ng1 Bf4 27. Rxd7 Qxd7 28. a3 Qd1+ 29. Ka2 Qxc2 0-1

[Event "Moscow Petrosian Memorial U18"]
[Site "Moscow"]
[Date "2008.01.??"]
[Round "1"]
[White "Nguyen, Viet Tuong"]
[Black "Dolbnia, Dmitry"]
[Result "1-0"]
[WhiteElo "2301"]
[BlackElo "2033"]
[PlyCount "119"]
[EventDate "2008.01.??"]
[EventType "swiss"]
[EventRounds "9"]
[EventCountry "RUS"]
[SourceTitle "CBM 122 Extra"]
[Source "ChessBase"]
[SourceDate "2008.03.04"]
[SourceVersion "1"]
[SourceVersionDate "2008.03.04"]
[SourceQuality "1"]

1. e4 c5 2. Nf3 d6 3. d4 cxd4 4. Nxd4 Nf6 5. Nc3 a6 6. Be2 e6 7. 0-0 Nbd7 8. a4 b6 9. f4 Bb7 10. Bf3 Rc8 11. Qe2 Qc7 12. Kh1 Qc4 13. Qf2 e5 14. fxe5 dxe5 15. Nf5 Nc5 16. Ne3 Qe6 17. Ned5 Nfxe4 18. Nxe4 Nxe4 19. Bxe4 Bxd5 20. Bf5 Qc6 21. Bxc8 Qxc8 22. Be3 Be7 23. Qg3 Bf6 24. Rad1 Qc6 25. h3 Be4 26. Bg5 Bxg5 27. Qxe5+ Qe6 28. Qxg5 0-0 29. Rd8 f6 30. Rxf8+ Kxf8 31. Qg3 Bxc2 32. Qb8+ Qe8 33. Qxb6 Bxa4 34. Qb4+ Kf7 35. Re1 Qd7 36. Qc4+ Kg6 37. Qe4+ Kf7 38. Qxh7 Bc6 39. Qh5+ Kf8 40. Rd1 Qe6 41. Kh2 Qe4 42. Qg4 Qe5+ 43. Qg3 Qe4 44. Re1 Qd5 45. Re3 Kf7 46. Qc7+ Kf8 47. Qe7+ Kg8 48. Rg3 Qf7 49. Qxf7+ Kxf7 50. Re3 Kg6 51. g4 Bb5 52. Kg3 Bc4 53. Kf4 Bf1 54. h4 Bb5 55. h5+ Kf7 56. g5 Bc4 57. g6+ Kf8 58. Rc3 Be2 59. Rc8+ Ke7 60. h6 1-0

[Event "Moscow-ch op sf"]
[Site "Moscow"]
[Date "2007.03.21"]
[Round "8"]
[White "Yuferov, Sergey N"]
[Black "Nguyen, Viet Tuong"]
[Result "1/2-1/2"]
[WhiteElo "2407"]
[BlackElo "2250"]
[PlyCount "66"]
[EventDate "2007.03.05"]
[EventType "swiss"]
[EventRounds "9"]
[EventCountry "RUS"]
[SourceTitle "EXT 2022"]
[Source "ChessBase"]
[SourceDate "2021.10.06"]
[SourceVersion "1"]
[SourceVersionDate "2021.10.06"]
[SourceQuality "1"]

1. d4 Nf6 2. c4 g6 3. Nc3 d5 4. cxd5 Nxd5 5. e4 Nxc3 6. bxc3 Bg7 7. Bc4 c5 8. Ne2 Nc6 9. Be3 0-0 10. 0-0 Bg4 11. f3 Na5 12. Bd3 cxd4 13. cxd4 Be6 14. d5 Bxa1 15. Qxa1 f6 16. Qd4 Bd7 17. Rb1 b5 18. e5 Nc4 19. Bxc4 bxc4 20. e6 Ba4 21. Nc3 Rb8 22. Rc1 Bb5 23. h4 Rb7 24. Qc5 Qb8 25. a4 Ba6 26. Qa5 Rb2 27. Ne4 Bb7 28. Bd4 Re2 29. Rxc4 Qd8 30. Qxa7 Bxd5 31. Rc7 Qa8 32. Qc5 Qd8 33. Rd7 Qc8 1/2-1/2

[Event "Moscow-ch op sf"]
[Site "Moscow"]
[Date "2007.03.19"]
[Round "7"]
[White "Nguyen, Viet Tuong"]
[Black "Elfert, Aleksandr V"]
[Result "1-0"]
[WhiteElo "2250"]
[BlackElo "2114"]
[PlyCount "67"]
[EventDate "2007.03.05"]
[EventType "swiss"]
[EventRounds "9"]
[EventCountry "RUS"]
[SourceTitle "EXT 2022"]
[Source "ChessBase"]
[SourceDate "2021.10.06"]
[SourceVersion "1"]
[SourceVersionDate "2021.10.06"]
[SourceQuality "1"]

1. e4 d6 2. d4 Nf6 3. Nc3 g6 4. f4 Bg7 5. Nf3 c5 6. d5 Bg4 7. Bd3 a6 8. a4 Nbd7 9. 0-0 Qa5 10. Qe2 Rc8 11. e5 dxe5 12. fxe5 Nh5 13. e6 fxe6 14. dxe6 Ndf6 15. Be3 0-0 16. Bc4 Qc7 17. Rad1 Kh8 18. Rd2 Nf4 19. Qe1 Nxe6 20. Bg5 Nxg5 21. Nxg5 e5 22. Be6 Rce8 23. Bxg4 Nxg4 24. Rxf8+ Bxf8 25. Nd5 Qg7 26. Qd1 h5 27. h3 Nh6 28. Ne4 c4 29. Ndf6 Re6 30. Rd7 Re7 31. Rd8 Nf7 32. Rc8 Ng5 33. Qd8 Nxe4 34. Nxe4 1-0

[Event "Moscow Petrosian Memorial U18"]
[Site "Moscow"]
[Date "2007.01.??"]
[Round "8"]
[White "Aldokhin, Ivan"]
[Black "Nguyen, Viet Tuong"]
[Result "1-0"]
[WhiteElo "2178"]
[BlackElo "2250"]
[PlyCount "49"]
[EventDate "2007.01.??"]
[EventType "swiss"]
[EventRounds "9"]
[EventCountry "RUS"]
[SourceTitle "EXT 2008"]
[Source "ChessBase"]
[SourceDate "2007.11.25"]
[SourceVersion "1"]
[SourceVersionDate "2007.11.25"]
[SourceQuality "1"]

1. e4 c5 2. Nf3 d6 3. d4 cxd4 4. Nxd4 Nf6 5. Nc3 a6 6. Qf3 e5 7. Nf5 Bxf5 8. Qxf5 Nc6 9. Be3 b5 10. 0-0-0 Qa5 11. Kb1 Ne7 12. Qf3 Rc8 13. Rxd6 Nc6 14. Qf5 Qc7 15. Rxf6 Ne7 16. Rxf7 Nxf5 17. Rxc7 Rxc7 18. exf5 Bc5 19. Bd3 Bd4 20. Bxd4 exd4 21. Ne2 Rd7 22. Be4 0-0 23. Rd1 Rfd8 24. Nf4 Rd6 25. f3 1-0

[Event "Moscow Petrosian Memorial U18"]
[Site "Moscow"]
[Date "2007.01.??"]
[Round "4"]
[White "Arutjunian, Babken"]
[Black "Nguyen, Viet Tuong"]
[Result "1/2-1/2"]
[WhiteElo "2108"]
[BlackElo "2250"]
[PlyCount "87"]
[EventDate "2007.01.??"]
[EventType "swiss"]
[EventRounds "9"]
[EventCountry "RUS"]
[SourceTitle "EXT 2008"]
[Source "ChessBase"]
[SourceDate "2007.11.25"]
[SourceVersion "1"]
[SourceVersionDate "2007.11.25"]
[SourceQuality "1"]

1. e4 c5 2. Nf3 Nc6 3. d4 cxd4 4. Nxd4 g6 5. c4 Bg7 6. Be3 Nf6 7. Nc3 d6 8. Be2 0-0 9. 0-0 Nxd4 10. Bxd4 Bd7 11. f3 a5 12. b3 Bc6 13. Qd2 Nd7 14. Be3 Nc5 15. Rab1 Qb6 16. Rfc1 Qb4 17. Bd1 Rfc8 18. Be2 h5 19. Nd1 Ne6 20. Nf2 Bd4 21. Qxb4 axb4 22. Bxd4 Nxd4 23. Rb2 b5 24. cxb5 Nxe2+ 25. Rxe2 Bxb5 26. Rec2 Rxc2 27. Rxc2 Kg7 28. Rd2 Kf6 29. Nd3 Bxd3 30. Rxd3 Rxa2 31. Rd4 Ke5 32. Rxb4 Kf4 33. Rb7 Ke3 34. h4 Ra1+ 35. Kh2 Kf2 36. Rc7 Rb1 37. b4 f5 38. b5 Rxb5 39. Rxe7 Re5 40. Rf7 Ke3 41. Rf6 fxe4 42. Rxd6 exf3 43. gxf3 Kxf3 44. Rxg6 1/2-1/2

[Event "Moscow Aeroflot op-C"]
[Site "Moscow"]
[Date "2006.02.12"]
[Round "6"]
[White "Nguyen, Viet Tuong"]
[Black "Ganaus, Hannes"]
[Result "0-1"]
[WhiteElo "2254"]
[BlackElo "2309"]
[PlyCount "48"]
[EventDate "2006.02.07"]
[EventType "swiss"]
[EventRounds "9"]
[EventCountry "RUS"]
[SourceTitle "EXT 2007"]
[Source "ChessBase"]
[SourceDate "2006.11.23"]
[SourceVersion "1"]
[SourceVersionDate "2006.11.23"]
[SourceQuality "1"]

1. e4 c6 2. d4 d5 3. e5 Bf5 4. Nc3 e6 5. g4 Bg6 6. Nge2 f6 7. Nf4 fxe5 8. Nxe6 Qe7 9. Nxf8 exd4+ 10. Be2 dxc3 11. Nxg6 hxg6 12. Qd3 Nf6 13. bxc3 0-0 14. Be3 Nbd7 15. 0-0-0 Qa3+ 16. Kb1 Ne4 17. Qxe4 dxe4 18. Bc4+ Kh7 19. Rxd7 b5 20. Bb3 c5 21. Rg1 Rfd8 22. Rxd8 Rxd8 23. Bf7 c4 24. Bg5 Rf8 0-1

[Event "Moscow Aeroflot op-C"]
[Site "Moscow"]
[Date "2006.02.11"]
[Round "5"]
[White "Tian, Tian"]
[Black "Nguyen, Viet Tuong"]
[Result "1/2-1/2"]
[WhiteElo "2266"]
[BlackElo "2254"]
[PlyCount "120"]
[EventDate "2006.02.07"]
[EventType "swiss"]
[EventRounds "9"]
[EventCountry "RUS"]
[SourceTitle "EXT 2007"]
[Source "ChessBase"]
[SourceDate "2006.11.23"]
[SourceVersion "1"]
[SourceVersionDate "2006.11.23"]
[SourceQuality "1"]

1. e4 c5 2. Nc3 Nc6 3. g3 g6 4. Bg2 Bg7 5. d3 d6 6. Be3 Rb8 7. Qd2 b5 8. f4 Nd4 9. Nd1 b4 10. c3 Nc6 11. Nf3 e6 12. 0-0 Nge7 13. Kh1 0-0 14. Nh4 Qc7 15. Rc1 bxc3 16. bxc3 f5 17. Re1 fxe4 18. dxe4 Na5 19. Qc2 Rb6 20. Nf3 Ba6 21. Qf2 Nc4 22. Ng5 Qd7 23. Bh3 Rf6 24. Bg2 h6 25. Nf3 Rf8 26. Nd2 Ne5 27. Bf1 Bxf1 28. Qxf1 Qc6 29. Qe2 Nd7 30. Bf2 Rb7 31. Nc4 Qa6 32. Nce3 Qxe2 33. Rxe2 d5 34. exd5 exd5 35. Nb2 c4 36. Rcc2 Nb6 37. Ng4 Nc6 38. Re6 Rc8 39. Rxg6 Kh7 40. Re6 d4 41. cxd4 Nb4 42. Rxb6 Rxb6 43. Rxc4 Rxc4 44. Nxc4 Ra6 45. a3 Nd3 46. Be3 Ra4 47. Nce5 Rxa3 48. Bg1 h5 49. Ne3 Nxe5 50. dxe5 a5 51. f5 Bxe5 52. Nc4 Rf3 53. Nxe5 Rxf5 54. Nc4 a4 55. Kg2 Rf8 56. Bd4 Rd8 57. Be5 Kg6 58. Kf3 Kf5 59. Bg7 a3 60. Nxa3 Rd3+ 1/2-1/2

[Event "World Youth Stars 1st"]
[Site "Kirishi"]
[Date "2003.08.09"]
[Round "7"]
[White "Nguyen, Viet Tuong"]
[Black "Bogosavljevic, Boban"]
[Result "1-0"]
[WhiteElo "2119"]
[BlackElo "2232"]
[PlyCount "65"]
[EventDate "2003.08.02"]
[EventType "tourn"]
[EventRounds "11"]
[EventCountry "RUS"]
[EventCategory "1"]
[SourceTitle "CBM 095 Extra"]
[Source "ChessBase"]
[SourceDate "2003.09.04"]
[SourceVersion "1"]
[SourceVersionDate "2003.09.04"]
[SourceQuality "1"]

1. e4 c5 2. Nf3 Nc6 3. d4 cxd4 4. Nxd4 Nf6 5. Nc3 d6 6. Bg5 Qb6 7. Nb3 e6 8. Be2 a6 9. 0-0 Be7 10. Kh1 Qc7 11. a4 b6 12. Be3 Bb7 13. f4 0-0 14. Bf3 Rac8 15. Qe2 Nb4 16. Qf2 Nd7 17. Nd4 Bf6 18. Rac1 Rfe8 19. Rfd1 Qb8 20. e5 dxe5 21. Nxe6 Re7 22. Bg4 Bc6 23. Ng5 Rce8 24. Bxd7 Rxd7 25. Nge4 Bd8 26. Rxd7 Bxd7 27. f5 Bc6 28. Rd1 Qa8 29. Nd6 Rf8 30. Rd2 Qb8 31. Qg3 Be7 32. Bh6 g6 33. Qxe5 1-0

[Event "World Youth Stars 1st"]
[Site "Kirishi"]
[Date "2003.08.08"]
[Round "6"]
[White "Khairullin, Ildar"]
[Black "Nguyen, Viet Tuong"]
[Result "1/2-1/2"]
[WhiteElo "2445"]
[BlackElo "2119"]
[PlyCount "128"]
[EventDate "2003.08.02"]
[EventType "tourn"]
[EventRounds "11"]
[EventCountry "RUS"]
[EventCategory "1"]
[SourceTitle "CBM 095 Extra"]
[Source "ChessBase"]
[SourceDate "2003.09.04"]
[SourceVersion "1"]
[SourceVersionDate "2003.09.04"]
[SourceQuality "1"]

1. d4 Nf6 2. c4 g6 3. Nc3 d5 4. Nf3 Bg7 5. e3 0-0 6. Be2 c5 7. 0-0 cxd4 8. exd4 Nc6 9. Re1 Bg4 10. c5 Ne4 11. Be3 e6 12. h3 Bxf3 13. Bxf3 Nxc3 14. bxc3 b6 15. cxb6 Qxb6 16. Qa4 Qc7 17. g3 Na5 18. Rac1 Nc4 19. Bf4 Qa5 20. Qxa5 Nxa5 21. Rb1 Rfc8 22. Rec1 Rc6 23. Rb5 Nc4 24. a4 Rac8 25. Rb7 Na5 26. Rb5 Nc4 27. Be2 a6 28. Rbb1 f6 29. g4 e5 30. dxe5 fxe5 31. Bg3 Nd2 32. Rb7 Ne4 33. c4 Nxg3 34. fxg3 e4 35. g5 d4 36. Bg4 Rd8 37. Rf1 d3 38. Rff7 Bd4+ 39. Kg2 e3 40. Rxh7 e2 41. Rhe7 Rf8 42. h4 Bc3 43. Bxe2 dxe2 44. Rxe2 Rf7 45. Rxf7 Kxf7 46. Re4 a5 47. Kf3 Rb6 48. g4 Rd6 49. Re3 Bd2 50. Re5 Rd3+ 51. Ke2 Rd4 52. Rd5 Rxd5 53. cxd5 Bc1 54. Kd3 Ke7 55. Kc4 Kd6 56. Kb5 Kxd5 57. Kxa5 Kc5 58. Ka6 Kc6 59. a5 Bd2 60. Ka7 Kc7 61. h5 Bxg5 62. hxg6 Bf6 63. g5 Bg7 64. a6 Bd4+ 1/2-1/2